000 00581 a2200157 4500
003 Nust
005 20170207152521.0
020 _a0335026303
040 _cNust
082 _a003
245 _aModule 8 Systems Approaches
_bSystem Behaviour
260 _awalton
_bOpen University press
_c1983
300 _a83
505 _aIntroduction (Page-4), Rationale for the Course (Page-7), Systems Concepts (Page-18), The Method for Systems Description (Page-34), Modeling (Page-51), Systems Approaches to Problem Solving (Page-56), Conclusion (Page-79),
538 _aAlmirah No.1 and Shelf No.3
942 _2ddc
_cBK
999 _c176249
_d176249